000 00654nam a2200229Ia 4500
003 OSt
005 20220925205507.0
006 a|||||r|||| 00| 0
007 ta
008 220923b |||||||| |||| 00| 0 eng d
037 _cGeneral Book
040 _aRTL
_cRTL
_beng
041 _2eng
_aeng
082 _aY, L9
100 _aCairns Robert B Ed.
_987607
245 0 _aAnalysis of social interactions
_b Methods, issues
260 _aHillsdale
_bLawrence Erlbaum Associates
_c1979
300 _ax,243p
_ccm.
500 _aBibliography chapterwise
942 _hY, L9
_cGB
_2CC
999 _c552315
_d552315